| 000 | 00411nam a2200169Ia 4500 | ||
|---|---|---|---|
| 008 | 110201s9999 xx 000 0 und d | ||
| 082 |
_bB10765 _aBAL 2542 |
||
| 100 | _aBhanat T. R. | ||
| 245 | _aThe Curshed Snake | ||
| 260 | _bDreamland Publications | ||
| 365 | _b10 | ||
| 600 | _aBhanat T. R. | ||
| 630 | _aThe Curshed Snake | ||
| 700 | _aBhanat T. R. | ||
| 730 | _aThe Curshed Snake | ||
| 942 | _cBOOK | ||
| 999 |
_c836162 _d836159 |
||